| 000 | 00914nam a2200253 a 4500 | ||
|---|---|---|---|
| 001 | 000013356 | ||
| 003 | DO-SdBNP | ||
| 005 | 20250307084401.0 | ||
| 007 | ta | ||
| 008 | 091123s1973 dr a 000 s spa d | ||
| 040 |
_aDO-SdBNP _bspa _cBNPHU |
||
| 082 | 4 |
_a972.93054 _bB171d, 1973 _222 |
|
| 100 | 1 |
_a Balaguer, Joaquín, _d1906-2002 _976556 |
|
| 245 | 1 | 0 |
_aDiscursos : temas históricos y literarios / _cJoaquín Balaguer. |
| 260 |
_aSanto Domingo : _bCorripio, _c1973. |
||
| 300 |
_a279 p. : _bil., fots., retrs., _c20 cm. |
||
| 590 | _aInventariado, 2022/BT | ||
| 600 | 1 | 0 |
_a Balaguer, Joaquín, _d1906-2002 _976556 _vEnsayos, conferencias, etc. |
| 650 | 4 |
_aAutores latinoamericanos _xHistoria crítica _930559 |
|
| 650 | 4 |
_aLiteratura latinoamericana _94717 |
|
| 651 |
_aRepública Dominicana _xHistoria _yEnsayos, conferencias, etc. _983171 |
||
| 910 | _aValidado. Control de calidad MFF | ||
| 942 |
_2ddc _cLBS1 |
||
| 999 |
_c12983 _d12983 |
||